| 000 | 00354nam a2200133Ia 4500 | ||
|---|---|---|---|
| 008 | 240624s9999 xx 000 0 und d | ||
| 041 | _aeng | ||
| 082 | _a658.049 BOD | ||
| 100 | _aBODDE DAVID L | ||
| 245 | _aINTERNATIONAL ENTREPRENEUR BRINGING TECH | ||
| 260 |
_c2004 _aNew Delhi _bPrentice-Hall of India |
||
| 300 | _axxi, : 216 : cm. ; 21 | ||
| 365 | _cRS | ||
| 999 |
_c2168 _d2168 |
||